[Event "St Louis Winter Classic A"]
[Site "masterchessopen.com Saint Louis USA"]
[Date "2017.03.19"]
[Round "9.1"]
[White "Li,Ruifeng"]
[Black "Howell,D"]
[Result "0-1"]
[WhiteElo "2577"]
[BlackElo "2667"]

1.e4 c6 2.Nc3 d5 3.Nf3 dxe4 4.Nxe4 Nf6 5.Qe2 Nxe4 6.Qxe4 Qd5 7.Qe3 Bf5 8.b3 e6
9.c4 Qe4 10.Bb2 Na6 11.Be2 Nb4 12.O-O Nd3 13.Bxd3 Qxd3 14.Nh4 Qxe3 15.dxe3 Bd3
16.Rfd1 Be2 17.Rd4 f6 18.Nf3 Bb4 19.a3 e5 20.axb4 exd4 21.Nxd4 Bg4 22.f3 Bd7
23.Ne2 Kf7 24.Bd4 b6 25.c5 Be6 26.cxb6 axb6 27.Rc1 b5 28.Rxc6 Rhc8 29.Rxc8
Rxc8 30.Nc3 Rb8 31.Ne4 Ke7 32.Bc5+ Kd7 33.Nd6 Kc6 34.g4 g6 35.Ne4 f5 36.gxf5
Bxf5 37.Ng3 Bd3 38.e4 Ra8 39.Kf2 Ra3 40.h4 Rxb3 41.h5 Kd7 42.hxg6 hxg6 43.Kg2
Bc4 44.f4 Ke6 45.Kh3 Bd3 46.Kg4 Bc2 47.f5+ Kf6 48.fxg6 Bd1+ 49.Kh4 Kxg6 50.Nf5
Be2 51.Ng3 Bf3 52.e5 Rc3 53.Bd6 Bd5 54.Ne2 Rc4+ 55.Kg3 Kf5 56.Kf2 Ke4 57.Ng3+
Kd3 58.Nh5 Be6 59.Kg3 Ke3 60.Nf6 Rc1 61.Kh4 Kf3 62.Kh5 Kf4 63.Kh6 Kf5 64.Kg7
Rc8 65.Kh6 Ra8 66.Kg7 Bc4 67.Kh6 Bf7 68.Nd7 Rg8 69.Nf8 Rg2 70.Kh7 Bc4 71.Kh6
Bb3 72.Kh7 Ba2 73.Kh8 Bg8 74.Bc7 Bd5 75.Bd6 Rg1 76.Kh7 Rg4 77.Kh8 Bg8 78.Bc7
Bb3 79.Bd6 Rg1 80.Kh7 Ra1 81.Kh6 Ra7 82.Ng6 Ke6 83.Nf4+ Kf7 84.Kg5 Ra1 85.Kf5
Rf1 86.Ke4 Kg7 87.Nh5+ Kg6 88.Nf6 Rd1 89.Nd7 Bd5+ 90.Kf4 Rd4+ 91.Ke3 Re4+
92.Kd3 Kf5 93.Nf6 Bc4+ 94.Kc3 Rf4 95.Bc7 Ke6 96.Nh5 Rf7 97.Bb8 Be2 98.Nf6 Rf8
99.Ba7 Rc8+ 100.Kd4 Rc4+ 101.Ke3 Kxe5 102.Nd7+ Kd6 103.Nf6 Ke5 104.Nd7+ Kf5
105.Bc5 Re4+ 106.Kd2 Bc4 107.Nb6 Be6 108.Na8 Ke5 109.Nc7 Bc4 110.Ne8 Re2+
111.Kc3 Rg2 112.Nd6 Rg3+ 113.Kc2 Kd5 114.Kd2 Rf3 115.Kc2 Rf6 116.Nb7 Bf1
117.Kc3 Bh3 118.Kd2 Ra6 119.Bf8 Bc8 120.Na5 Bf5 121.Kc3 Rg6 122.Bc5 Rg3+
123.Kb2 Ke4 124.Nb3 Kd3 125.Nd4 Rg2+ 126.Kc1 Bd7 127.Nb3 Kc3 128.Na5 Bg4
129.Nc6 Rd2 {#R} 0-1

[Event "St Louis Winter Classic A"]
[Site "masterchessopen.com Saint Louis USA"]
[Date "2017.03.19"]
[Round "9.2"]
[White "Fedoseev,Vl3"]
[Black "Shankland,S"]
[Result "0-1"]
[WhiteElo "2658"]
[BlackElo "2666"]

1.c4 g6 2.Nc3 c5 3.e3 Bg7 4.d4 Nf6 5.d5 O-O 6.Nf3 d6 7.Be2 e6 8.Nd2 Re8 9.O-O
Na6 10.a4 Nc7 11.e4 b6 12.Re1 a6 13.a5 b5 14.dxe6 Rxe6 15.Nb3 Nxe4 16.Nxe4
Rxe4 17.cxb5 Nxb5 18.Nxc5 Rxe2 19.Rxe2 Nd4 20.Ne4 d5 21.Rd2 dxe4 22.Ra4 Nf3+
23.gxf3 Qg5+ 24.Kh1 Bh3 25.Qg1 Qh5 26.Qd1 Be5 27.Ra3 Bg4 28.Qg1 Bxf3+ 29.Rxf3
Qxf3+ 30.Qg2 Rc8 31.Qxf3 exf3 32.Rd1 Rc2 33.Kg1 Bxb2 34.Bh6 f6 35.Be3 Be5
36.h3 Ra2 37.Bd4 Bxd4 38.Rxd4 Rxa5 39.h4 Rh5 40.Rf4 Kg7 41.Rxf3 Rxh4 42.Ra3 g5
43.Rxa6 Rb4 {#R} 0-1

[Event "St Louis Winter Classic A"]
[Site "masterchessopen.com Saint Louis USA"]
[Date "2017.03.19"]
[Round "9.3"]
[White "Zherebukh,Y"]
[Black "Sevian,Samuel"]
[Result "1-0"]
[WhiteElo "2605"]
[BlackElo "2587"]

1.d4 Nf6 2.Nf3 d5 3.c4 e6 4.Nc3 c6 5.Bg5 dxc4 6.e4 b5 7.Be2 h6 8.Bxf6 Qxf6
9.O-O Nd7 10.d5 e5 11.dxc6 Qxc6 12.a4 b4 13.Nd5 Ba6 14.Rc1 Rc8 15.Nd2 c3
16.bxc3 Bxe2 17.Qxe2 b3 18.Rb1 Qxa4 19.Ra1 Qc6 20.Nxb3 Nc5 21.Na5 Qe6 22.Rfd1
Bd6 23.Qb5+ Kf8 24.Nb7 Nxb7 25.Qxb7 Kg8 26.Rxa7 Bc5 27.Ra6 Qg4 28.Re1 Rd8
29.Rc6 Bf8 30.h3 Qd7 31.Rc7 Qe8 32.Re3 Bd6 33.Rg3 Kf8 34.Rc6 h5 35.Ne3 h4
36.Rf3 Kg8 37.Ra6 Bc5 38.Nd5 Rb8 39.Qc7 Rc8 40.Qa5 Rh5 41.Raf6 Rg5 42.Rxf7 Qc6
43.Qa2 Kh8 44.R7f5 Ra8 45.Qb1 Qg6 46.Rxg5 Qxg5 47.Rf5 Qd2 48.Rh5+ Kg8 49.Ne7+
Kf7 50.Qb3+ Kxe7 51.Rxe5+ Kf8 52.Rf5+ Ke8 53.Qf7+ Kd8 54.Rd5+ Bd6 55.Qf8+ {#r}
1-0

[Event "St Louis Winter Classic A"]
[Site "masterchessopen.com Saint Louis USA"]
[Date "2017.03.19"]
[Round "9.4"]
[White "Swiercz,D"]
[Black "Xiong,Jeffery"]
[Result "1-0"]
[WhiteElo "2645"]
[BlackElo "2674"]

1.d4 Nf6 2.c4 e6 3.Nf3 b6 4.g3 Bb4+ 5.Bd2 Be7 6.Bg2 c6 7.O-O d5 8.Qc2 O-O
9.Rd1 Bb7 10.b3 Nbd7 11.Nc3 Rc8 12.e4 c5 13.exd5 exd5 14.Be3 dxc4 15.d5 Ng4
16.Bf4 cxb3 17.axb3 c4 18.Rxa7 cxb3 19.Qxb3 b5 20.d6 Bf6 21.Rxb7 Rxc3 22.Qb1
Nc5 23.Rxb5 Qd7 24.h3 Nxf2 25.Kxf2 Ne4+ 26.Kg1 Rxf3 27.Rb7 {#r} 1-0

[Event "St Louis Winter Classic A"]
[Site "masterchessopen.com Saint Louis USA"]
[Date "2017.03.19"]
[Round "9.5"]
[White "Cordova,E"]
[Black "Ipatov,Alexander"]
[Result "1-0"]
[WhiteElo "2655"]
[BlackElo "2660"]

1.Nf3 Nf6 2.c4 g6 3.b3 Bg7 4.Bb2 O-O 5.g3 c6 6.Bg2 d5 7.O-O Bg4 8.d3 Bxf3
9.Bxf3 Nbd7 10.Nd2 Re8 11.Rc1 e6 12.Qc2 h5 13.b4 a5 14.b5 cxb5 15.cxb5 Rc8
16.Qa4 Nc5 17.Qd1 Qb6 18.a4 Red8 19.Bc3 Qa7 20.Rc2 Ne8 21.Bxg7 Nxg7 22.Qa1 Nd7
23.Rfc1 Rxc2 24.Rxc2 Nf5 25.Nb3 Nd6 26.Qc1 Nb6 27.Bxh5 Qb8 28.Bxg6 fxg6 29.Qe3
Nd7 30.Qxe6+ Kg7 31.Nd4 Nf7 32.Qxd5 Nf8 33.Qc4 Qd6 34.Nf3 Ne6 35.Qc3+ Kg8
36.Qxa5 Ne5 37.Nxe5 Qxe5 38.Qb6 Re8 39.Qxb7 Nd4 40.Rc8 Rxc8 41.Qxc8+ Kh7
42.Qb7+ Kh6 43.Qe4 Qc5 44.Kg2 Nf5 45.e3 Kh7 46.g4 Nd6 47.Qd4 Qc7 48.Qd5 Kh6
49.h3 Nb7 50.Qg8 g5 51.Qh8+ Kg6 52.Qh5+ Kg7 53.Qxg5+ Kh7 54.Qf5+ Kg7 55.Qd5
{#r} 1-0

[Event "St Louis Winter Classic B"]
[Site "masterchessopen.com Saint Louis USA"]
[Date "2017.03.19"]
[Round "9.1"]
[White "Chirila,I"]
[Black "Rambaldi,Francesco"]
[Result "1-0"]
[WhiteElo "2522"]
[BlackElo "2559"]

1.Nf3 d5 2.g3 g6 3.Bg2 Bg7 4.d4 Nd7 5.O-O Ngf6 6.c4 dxc4 7.Na3 Nb6 8.Ne5 Ng4
9.Nxg4 Bxg4 10.Nxc4 Nxc4 11.Qa4+ c6 12.Qxc4 Be6 13.Qc2 O-O 14.e3 Qb6 15.b3 Bf5
16.Qe2 e5 17.e4 Be6 18.d5 cxd5 19.exd5 Bd7 20.Be3 Qd6 21.Rac1 b6 22.Qa6 Bc8
23.Qc4 Rd8 24.Bg5 f6 25.Bd2 a5 26.Rfd1 Bd7 27.Be3 Rdc8 28.Qe2 b5 29.Rc6 Qb4
30.Rdc1 Bxc6 31.dxc6 e4 32.Bc5 Rxc6 33.Bxb4 Rxc1+ 34.Be1 Rd8 35.Qxe4 Kf8
36.Bf1 f5 37.Qe6 Rdd1 38.Bxa5 Rxf1+ 39.Kg2 Ba1 40.Bb4+ Kg7 41.Qe7+ {#r} 1-0

[Event "St Louis Winter Classic B"]
[Site "masterchessopen.com Saint Louis USA"]
[Date "2017.03.19"]
[Round "9.3"]
[White "Chandra,Akshat"]
[Black "Finegold,B"]
[Result "1-0"]
[WhiteElo "2505"]
[BlackElo "2481"]

1.d4 d5 2.c4 c6 3.Nf3 Nf6 4.g3 Bf5 5.Nc3 e6 6.Nh4 Be4 7.f3 Bg6 8.Qb3 Qb6
9.Nxg6 hxg6 10.c5 Qc7 11.e4 dxe4 12.Bf4 Qc8 13.fxe4 Be7 14.Bg2 Nbd7 15.e5 Nd5
16.Nxd5 exd5 17.O-O Nf8 18.Qd3 Qf5 19.Qe2 Qd7 20.h4 Ne6 21.Be3 b6 22.b4 bxc5
23.bxc5 Rb8 24.Bh3 O-O 25.Qg4 Rb4 26.h5 g5 27.Rac1 Qe8 28.Qd1 Bd8 29.a3 Rb2
30.Qg4 Ba5 31.Rcd1 Qe7 32.Rf3 Rfb8 33.Rdf1 Rb1 34.Bc1 Nf8 35.Bxg5 Rxf1+
36.Rxf1 Qe6 37.Qh4 Qe8 38.h6 g6 39.Qf4 Nh7 40.e6 f5 41.Qe5 {#r} 1-0

[Event "St Louis Winter Classic B"]
[Site "masterchessopen.com Saint Louis USA"]
[Date "2017.03.19"]
[Round "9.5"]
[White "Ali Marandi,C"]
[Black "Hess,Ro"]
[Result "1-0"]
[WhiteElo "2497"]
[BlackElo "2571"]

1.e4 e5 2.Nf3 Nc6 3.Bb5 a6 4.Ba4 Nf6 5.O-O Nxe4 6.d4 b5 7.Bb3 d5 8.dxe5 Be6
9.Qe2 Be7 10.Rd1 Na5 11.Nbd2 Nc5 12.c3 Ncxb3 13.Nxb3 c5 14.Nxa5 Qxa5 15.Bg5 h6
16.Bxe7 Kxe7 17.Ne1 Rac8 18.Nd3 Qa4 19.b4 cxb4 20.cxb4 Rc3 21.Qd2 Qc2 22.Qxc2
Rxc2 23.a4 bxa4 24.Rxa4 Rb8 25.Rxa6 g5 26.h3 Rc3 27.Rd6 Rb3 28.Kh2 h5 29.Nc5
R3xb4 30.Ra1 Re8 31.Nxe6 fxe6 32.Ra7+ Kf8 33.Rdd7 Rf4 34.Rh7 Kg8 35.Rxh5 Rf5
36.Rd7 Rxe5 37.f4 Rf5 38.Rxg5+ Rxg5 39.fxg5 Kf8 40.Kg3 Re7 41.Rxe7 Kxe7 42.Kf4
d4 43.Ke4 e5 44.h4 Kf7 45.h5 Kg7 46.g6 Kh6 47.g4 Kg7 48.g5 Kg8 49.h6 Kh8
50.g7+ Kh7 51.g6+ Kg8 52.Kf5 d3 53.Kf6 d2 54.h7# 1-0

[Event "Brazil Open 2017"]
[Site "masterchessopen.com Joao Pessoa BRA"]
[Date "2017.03.19"]
[Round "5.1"]
[White "El Debs,F"]
[Black "Santiago,Y"]
[Result "0-1"]
[WhiteElo "2531"]
[BlackElo "2447"]

1.e4 e6 2.d4 d5 3.Nd2 Nc6 4.Ngf3 Nf6 5.e5 Nd7 6.Be2 f6 7.exf6 Qxf6 8.Nf1 Bd6
9.Ne3 O-O 10.O-O Qg6 11.c3 Nf6 12.Bd3 Qh5 13.Re1 Bd7 14.Nf1 Ng4 15.h3 Nxf2
16.Kxf2 e5 17.dxe5 Nxe5 18.Rxe5 Bxe5 19.Be2 c6 20.Kg1 Bc7 21.Be3 Rae8 22.N3d2
Qh4 23.Qe1 Qf6 24.Nf3 Qg6 25.Kh1 Re4 26.Qf2 Qh5 27.N1h2 Qe8 28.Nf1 Bb6 29.Bd3
Bxe3 30.Qc2 Bxh3 31.Bxe4 dxe4 32.Re1 Qh5 33.N3h2 Bf2 34.Re2 Bxg2+ 35.Kxg2 Qg5+
36.Kh3 Rf6 37.Qb3+ Kh8 {#R} 0-1

[Event "Brazil Open 2017"]
[Site "masterchessopen.com Joao Pessoa BRA"]
[Date "2017.03.19"]
[Round "6.2"]
[White "Asfora,M"]
[Black "El Debs,F"]
[Result "0-1"]
[WhiteElo "2193"]
[BlackElo "2531"]

1.d4 Nf6 2.Nf3 e6 3.c4 b6 4.g3 Ba6 5.Qc2 c5 6.Bg2 Nc6 7.dxc5 bxc5 8.O-O Be7
9.b3 O-O 10.Nc3 d5 11.cxd5 exd5 12.Bb2 d4 13.Rfd1 Nb4 14.Qc1 Qc8 15.Na4 Bxe2
16.Rd2 Bb5 17.Nxd4 cxd4 18.Qxc8 Raxc8 19.Bxd4 {#R} 0-1

[Event "Budapest Spring Open 2017"]
[Site "masterchessopen.com Budapest HUN"]
[Date "2017.03.19"]
[Round "2.1"]
[White "Annaberdiev,M"]
[Black "Kovalenko,I"]
[Result "1-0"]
[WhiteElo "2445"]
[BlackElo "2672"]

1.e4 d5 2.exd5 Qxd5 3.Nc3 Qd6 4.d4 g6 5.Nf3 Bg7 6.Ne4 Qd5 7.Ned2 Nf6 8.Bc4 Qd8
9.O-O O-O 10.Re1 Nbd7 11.Qe2 e6 12.Ne4 a6 13.a4 b6 14.Bg5 Bb7 15.Nc3 h6 16.Bh4
Re8 17.Rad1 Qc8 18.Ne5 Nd5 19.Bg3 N7f6 20.Nxd5 exd5 21.Bd3 c5 22.c3 Re6 23.f4
cxd4 24.cxd4 Ne4 25.Bxe4 dxe4 26.d5 Rd6 27.Nc4 Rxd5 28.Nxb6 Qe6 29.Nxa8 Bxa8
30.Rxd5 Bxd5 31.Bf2 Kh7 32.Qd2 Bc4 33.Bd4 Qd5 34.Bc3 Bd3 35.Bxg7 Kxg7 36.Qc3+
Kh7 37.h3 Qd8 38.Qe5 g5 39.fxg5 hxg5 40.Rc1 Qb6+ 41.Rc5 {#r} 1-0

[Event "Budapest Spring Open 2017"]
[Site "masterchessopen.com Budapest HUN"]
[Date "2017.03.19"]
[Round "2.2"]
[White "Nabaty,T"]
[Black "Battaglini,G"]
[Result "1-0"]
[WhiteElo "2649"]
[BlackElo "2440"]

1.Nf3 d5 2.g3 Nf6 3.Bg2 c6 4.O-O Bf5 5.Nh4 Be4 6.f3 Bg6 7.d4 e6 8.e4 Bh5 9.g4
Nfd7 10.Nf5 exf5 11.gxh5 Bd6 12.exd5 O-O 13.f4 cxd5 14.Nc3 Nf6 15.Nxd5 Nxd5
16.Bxd5 Nd7 17.Qd3 g6 18.Bxb7 Rb8 19.Bg2 Re8 20.b3 Nf6 21.hxg6 hxg6 22.Bd2 Nh5
23.Rf2 Qc7 24.Raf1 Nf6 25.Qc4 Qb6 26.c3 Re7 27.Qc6 Qd8 28.c4 Ng4 29.c5 Bc7
30.d5 Nxf2 31.Rxf2 Ba5 32.Qd6 Qxd6 33.cxd6 Bxd2 34.dxe7 Bb4 35.Rc2 Bxe7 36.Rc6
Bd8 37.Bf1 Rb6 38.Rc8 Rd6 39.Bc4 Kg7 40.b4 Bb6+ 41.Kg2 Rd7 42.Rc6 Rc7 43.a4
Rxc6 44.dxc6 Bc7 45.a5 Kf6 46.Kf3 Ke7 47.Ke3 f6 48.h4 Bd6 49.b5 Bb4 50.Bf7 g5
51.h5 Bxa5 52.Bg6 Bc7 53.h6 Bxf4+ 54.Kd4 Kf8 55.Bxf5 Kg8 56.Kd5 {#r} 1-0

[Event "Budapest Spring Open 2017"]
[Site "masterchessopen.com Budapest HUN"]
[Date "2017.03.19"]
[Round "2.4"]
[White "Savchenko,B"]
[Black "Zanan,E"]
[Result "1-0"]
[WhiteElo "2613"]
[BlackElo "2435"]

1.e4 e6 2.d4 d5 3.e5 c5 4.c3 Nc6 5.Nf3 Qb6 6.a3 f6 7.Bd3 Bd7 8.O-O c4 9.Bc2
O-O-O 10.Re1 Nge7 11.h4 h6 12.a4 Rg8 13.Re2 Na5 14.Nbd2 Nec6 15.Rb1 Qc7 16.b4
cxb3 17.Nxb3 Nc4 18.Bh7 Rh8 19.Bd3 Be7 20.Nbd2 N6a5 21.exf6 gxf6 22.Qe1 Bd6
23.Rxe6 Bxe6 24.Qxe6+ Kb8 25.Rb5 a6 26.Rxd5 Nb6 27.Rxa5 Qxc3 28.Ne4 Qxc1+
29.Bf1 Rhe8 30.Qxf6 Qf4 31.Qxf4 Bxf4 32.Nf6 Re6 33.Ng4 Bc7 34.g3 Rc6 35.Kg2
Nd5 36.Rc5 Rxc5 37.dxc5 h5 38.Ne3 Nc3 39.c6 b5 40.axb5 axb5 41.Nf5 Rd5 42.Ne7
Rd1 43.Nf5 Bb6 44.Ng7 Rd5 45.Ne6 Rd6 46.Nf4 b4 47.Bc4 Rxc6 48.Ne5 Rd6 49.Nfd3
Ba5 50.Bf7 Ne4 51.Bxh5 b3 52.Bg6 Nd2 53.h5 Bc3 54.h6 Kc7 55.h7 Rd8 56.Nf7 b2
57.Nde5 Ra8 58.f4 Bxe5 59.fxe5 Kd7 60.Bf5+ Ke7 61.h8=Q Rxh8 62.Nxh8 b1=Q
63.Ng6+ Kf7 64.Bxb1 Nxb1 65.Nf4 Nd2 66.g4 Nc4 67.Nd3 Kg6 68.Kf3 Kg5 69.Kg3 Ne3
70.Nf2 Nd5 71.Nh3+ Kh6 72.Nf4 Nc3 73.Kh4 Ne4 74.e6 Nd6 75.g5+ Kg7 76.Kg4 Kh7
77.Nd5 Kg6 78.Ne7+ Kh7 79.Nf5 Ne8 80.Kh5 Nc7 81.e7 Ne8 82.g6+ Kg8 83.Kh6 Kh8
84.g7+ {#r} 1-0

[Event "Budapest Spring Open 2017"]
[Site "masterchessopen.com Budapest HUN"]
[Date "2017.03.19"]
[Round "2.5"]
[White "Bellia,F"]
[Black "Onischuk,V"]
[Result "0-1"]
[WhiteElo "2439"]
[BlackElo "2601"]

1.e4 d6 2.d4 Nf6 3.Nc3 g6 4.f4 Bg7 5.Nf3 O-O 6.Bd3 Na6 7.O-O c5 8.d5 Bg4 9.h3
Bxf3 10.Qxf3 Nb4 11.Bd2 Nd7 12.a3 Nxd3 13.Qxd3 Qb6 14.Kh1 Qa6 15.Qg3 b5
16.Rfe1 Qb7 17.e5 dxe5 18.fxe5 b4 19.axb4 cxb4 20.Na4 Rac8 21.Qb3 a5 22.c4
Nxe5 23.c5 Rfd8 24.Be3 Qb5 25.Nb6 Rxc5 26.Bxc5 Qxc5 27.Qe3 Qb5 28.Rec1 Bf6
29.Qc5 Qe2 30.Re1 Qxb2 31.Qc7 Rd6 32.Rxa5 Kg7 33.Nc8 Rd7 34.Qc1 Qxc1 35.Rxc1
b3 36.Rb1 Nc4 {#R} 0-1

[Event "Budapest Spring Open 2017"]
[Site "masterchessopen.com Budapest HUN"]
[Date "2017.03.19"]
[Round "2.8"]
[White "Grigoriants,S RUS"]
[Black "Farago,I"]
[Result "1-0"]
[WhiteElo "2566"]
[BlackElo "2417"]

1.e4 e6 2.d4 d5 3.Nd2 Nf6 4.e5 Nfd7 5.Bd3 c5 6.c3 Nc6 7.Ndf3 Qb6 8.Ne2 cxd4
9.cxd4 f6 10.O-O fxe5 11.dxe5 Ndxe5 12.Nxe5 Nxe5 13.Be3 Bc5 14.Nf4 g6 15.Nxd5
exd5 16.Bb5+ Bd7 17.Qxd5 Qd6 18.Qxc5 Qxc5 19.Bxc5 Bxb5 20.Rfe1 O-O-O 21.Rxe5
a6 22.Be3 Rhe8 23.Rc1+ Bc6 24.Rec5 Rd6 25.R5c4 Red8 26.f3 Rd1+ 27.Kf2 Rxc1
28.Rxc1 Rd5 29.Rc3 Kd7 30.g4 Bb5 31.Bf4 Bc6 32.Kg3 Ke6 33.Re3+ Kf7 34.h4 Rd8
35.Be5 Rd1 36.Bc3 Rg1+ 37.Kf4 Rh1 38.Kg5 Rh3 39.Bb4 Rxf3 40.Re7+ Kg8 41.Rc7
Rd3 42.Kh6 Rd7 43.Rc8+ Kf7 44.Bc3 Ke6 45.Bg7 Be4 46.Rc4 Bd3 47.Rc1 Kf7 48.g5
Be2 49.Kxh7 Bh5 50.Rf1+ Ke8 51.Kh6 Rf7 52.Bf6 Kf8 53.Rc1 Kg8 54.Rc8+ Rf8
55.Rc4 Rf7 56.Bg7 Rd7 57.Rc8+ Kf7 58.Rf8+ Ke7 59.Rf4 Ke8 60.a4 Rf7 61.Rb4 Kd8
62.Bc3 Kc7 63.a5 Kc8 64.Rb6 Rf4 65.Rxg6 Bxg6 66.Kxg6 Rxh4 67.Kf7 Rh7+ 68.Ke8
{#r} 1-0

[Event "Budapest Spring Open 2017"]
[Site "masterchessopen.com Budapest HUN"]
[Date "2017.03.19"]
[Round "2.10"]
[White "Can,E"]
[Black "Atabayew,S"]
[Result "1-0"]
[WhiteElo "2561"]
[BlackElo "2415"]

1.d4 d5 2.Nf3 Nf6 3.c4 c6 4.Nc3 e6 5.Bg5 Nbd7 6.e3 Qa5 7.cxd5 Nxd5 8.Rc1 Nxc3
9.bxc3 Ba3 10.Rc2 b6 11.Be2 Ba6 12.O-O Bxe2 13.Rxe2 O-O 14.e4 Rac8 15.Qc2 e5
16.Bh4 Rfe8 17.Rd1 Be7 18.Bg3 Bf6 19.Qb3 Qb5 20.Qc2 Qa5 21.Red2 h6 22.h3 Re7
23.Nh2 Bg5 24.Re2 h5 25.Nf1 Bh6 26.Nd2 Bxd2 27.Rexd2 Rce8 28.f3 Qa6 29.Qb3 c5
30.a4 Re6 31.Qb5 Qc8 32.Bh4 Rd6 33.Bf2 cxd4 34.cxd4 exd4 35.Qxh5 Ne5 36.Rxd4
Rg6 37.Rd5 Qc2 38.Rd8 Qxa4 39.f4 Nc4 40.R1d7 Nd6 41.Rxd6 Rxd6 42.Rxd6 Qxe4
43.Qg4 Qe7 44.Rd7 Qa3 45.Bd4 {#r} 1-0

[Event "Budapest Spring Open 2017"]
[Site "masterchessopen.com Budapest HUN"]
[Date "2017.03.19"]
[Round "2.11"]
[White "Almasi,I"]
[Black "Stupak,K"]
[Result "0-1"]
[WhiteElo "2415"]
[BlackElo "2561"]

1.d4 Nf6 2.c4 g6 3.Nc3 Bg7 4.g3 O-O 5.Bg2 c5 6.d5 e6 7.Nf3 exd5 8.cxd5 d6
9.O-O Re8 10.Nd2 a6 11.a4 Nbd7 12.Nc4 Ne5 13.Nxe5 Rxe5 14.e4 Re8 15.Bf4 Rb8
16.Re1 Ng4 17.h3 Ne5 18.a5 b5 19.axb6 Qxb6 20.Na4 Qb3 21.Qxb3 Rxb3 22.Re3 Rb4
23.Bf1 h6 24.g4 f5 25.gxf5 gxf5 26.Nc3 fxe4 27.Bxa6 Nf3+ 28.Kg2 Nh4+ 29.Kg1
Nf5 30.Bxc8 Rxc8 31.Ree1 Re8 32.Kh1 e3 33.fxe3 Rxb2 34.Ra3 Kh8 35.e4 Rf2
36.Bh2 Nd4 37.Nd1 Rxh2+ 38.Kxh2 Nc2 39.Rae3 c4 40.R1e2 Nxe3 41.Rxe3 Bd4 42.Re2
Rg8 43.Ne3 c3 44.Nc2 Be5+ 45.Kh1 Bf4 46.Rf2 Bd2 47.Rf6 Rb8 48.Rxd6 Rb2 49.Rc6
Rxc2 50.d6 Bg5 51.d7 Kg7 52.Rc7 Kf8 53.Rc8+ Kf7 54.e5 Ke6 55.Rc7 Bd8 {#R} 0-1

[Event "Budapest Spring Open 2017"]
[Site "masterchessopen.com Budapest HUN"]
[Date "2017.03.19"]
[Round "2.12"]
[White "Odeev,H"]
[Black "Antal,Ge"]
[Result "1-0"]
[WhiteElo "2405"]
[BlackElo "2547"]

1.e4 c5 2.Nf3 e6 3.d4 cxd4 4.Nxd4 Nc6 5.Nc3 Qc7 6.Be2 a6 7.O-O Nf6 8.Be3 Bb4
9.Nxc6 bxc6 10.f4 Bxc3 11.bxc3 Nxe4 12.Bf3 Nd6 13.Bc5 Nb7 14.Bd4 O-O 15.c4 d6
16.Rb1 c5 17.Bc3 Ra7 18.Qd2 Bd7 19.f5 f6 20.Rfe1 Nd8 21.Ba5 Qc8 22.fxe6 Nxe6
23.Bb6 Ra8 24.Bxa8 Qxa8 25.Qxd6 Qc8 26.Ba7 {#r} 1-0

[Event "Budapest Spring Open 2017"]
[Site "masterchessopen.com Budapest HUN"]
[Date "2017.03.19"]
[Round "2.13"]
[White "Boruchovsky,A"]
[Black "Manea,Al"]
[Result "1-0"]
[WhiteElo "2542"]
[BlackElo "2404"]

1.e4 c5 2.Nf3 e6 3.c3 d5 4.exd5 Qxd5 5.d4 Nf6 6.Na3 a6 7.Nc4 Nbd7 8.Bf4 cxd4
9.Qxd4 Bc5 10.Qxd5 Nxd5 11.Bg3 O-O 12.Be2 N7b6 13.Nxb6 Bxb6 14.Ne5 Bc7 15.Bf3
b5 16.O-O-O Bb7 17.Nd7 Bxg3 18.hxg3 Rfd8 19.Bxd5 exd5 20.Nc5 Bc6 21.Rd4 a5
22.Nd3 Re8 23.Re1 Rxe1+ 24.Nxe1 f6 25.Nc2 Rb8 26.b4 a4 27.Kd2 h6 28.a3 Kf7
29.f3 Rb7 30.Rd3 Re7 31.Re3 Re5 32.Nd4 Bd7 33.Ne2 Ke7 34.Nf4 Kd6 35.g4 Be8
36.Nd3 Rxe3 37.Kxe3 Bg6 38.Nf4 Be8 39.Kd4 Bf7 40.Ne2 Be8 41.Ng3 Bg6 42.f4 Kc6
43.Ke3 Kd6 44.Kd4 Kc6 45.f5 Bf7 46.Ne2 g5 47.fxg6 Bxg6 48.Ke3 Be8 49.Nd4+ Kc7
50.Nf5 Bd7 51.Nxh6 Kd6 52.Kd4 Be6 53.Nf5+ Kc6 54.g3 Bf7 55.g5 fxg5 56.Ke5 {#r}
1-0

[Event "Budapest Spring Open 2017"]
[Site "masterchessopen.com Budapest HUN"]
[Date "2017.03.19"]
[Round "2.14"]
[White "Beshukov,S"]
[Black "Sanal,V"]
[Result "0-1"]
[WhiteElo "2402"]
[BlackElo "2531"]

1.Nf3 Nf6 2.c4 e6 3.g3 b6 4.Bg2 Bb7 5.O-O Be7 6.Nc3 O-O 7.d4 Ne4 8.Qc2 Nxc3
9.Qxc3 Be4 10.Rd1 Bf6 11.Bf4 d6 12.Qe3 Bb7 13.Rac1 Qe7 14.g4 g6 15.c5 bxc5
16.dxc5 e5 17.Bg3 Na6 18.c6 Bc8 19.g5 Bg7 20.Nd2 Nc5 21.Ne4 Ne6 22.h4 Nd4
23.Nc3 Qd8 24.Nd5 Be6 25.Qd2 Bg4 26.Nc3 Rb8 27.Bd5 Qe8 28.f3 Be6 29.Be4 Qc8
30.e3 Nf5 31.Bf2 Ne7 32.b3 h6 33.Kh2 Rd8 34.Bd5 Nxd5 35.Nxd5 Bxd5 36.Qxd5 hxg5
37.hxg5 Qa6 38.Rd2 Rb5 39.Qd3 e4 40.Qxe4 Rxg5 41.Bh4 Rh5 42.Kg1 d5 43.Qe7 Rc8
44.Bg3 Bh6 45.f4 Bf8 46.Qd7 Bd6 47.Rcd1 Rb8 48.Rg2 Qb6 49.Bf2 Qc5 50.Rf1 Qc3
51.f5 Qh8 52.Rxg6+ fxg6 53.Qe6+ Kg7 54.Qd7+ Kh6 55.e4 Rg5+ 56.Kh1 Qe5 {#R} 0-1

[Event "Budapest Spring Open 2017"]
[Site "masterchessopen.com Budapest HUN"]
[Date "2017.03.19"]
[Round "2.15"]
[White "Mihok,O"]
[Black "Bukal,V jr"]
[Result "1-0"]
[WhiteElo "2516"]
[BlackElo "2396"]

1.e4 g6 2.d4 Bg7 3.Nc3 c6 4.f4 d5 5.e5 Nh6 6.Be3 Ng4 7.Bd2 c5 8.dxc5 f6 9.h3
Nh6 10.exf6 Bxf6 11.Qf3 Be6 12.O-O-O Nf5 13.g4 Nd4 14.Qe3 Bf7 15.Nb5 Nxb5
16.Bxb5+ Nc6 17.Bc3 O-O 18.Bxc6 bxc6 19.Nf3 d4 20.Nxd4 Qd5 21.Nb3 Qc4 22.Bxf6
exf6 23.Qd4 Qb5 24.Rhe1 a5 25.a4 Qb4 26.Re4 Bd5 27.Qxb4 axb4 28.Rxb4 Rfe8
29.Kd2 Bg2 30.Rg1 Rad8+ 31.Rd4 Bd5 32.Re1 {#r} 1-0

[Event "Budapest Spring Open 2017"]
[Site "masterchessopen.com Budapest HUN"]
[Date "2017.03.19"]
[Round "2.16"]
[White "Tica,Sven"]
[Black "Popovic,Du"]
[Result "0-1"]
[WhiteElo "2379"]
[BlackElo "2515"]

1.d4 Nf6 2.c4 g6 3.Nc3 Bg7 4.e4 O-O 5.Be2 c6 6.Bg5 d5 7.exd5 cxd5 8.Nf3 Ne4
9.Be3 Nxc3 10.bxc3 dxc4 11.Qa4 Be6 12.Bxc4 Bxc4 13.Qxc4 Nc6 14.O-O Rc8 15.Qb5
Na5 16.Rfc1 Qc7 17.Rab1 a6 18.Qb6 Rfd8 19.a4 Qxb6 20.Rxb6 Rd7 21.Kf1 Nc4
22.Rb4 e6 23.Nd2 Nxd2+ 24.Bxd2 e5 25.Rcb1 exd4 26.cxd4 Bf8 27.Rxb7 Rxd4 28.Bb4
Rcc4 29.Bxf8 Kxf8 30.R1b6 Kg7 31.Rxa6 Rc2 32.Ke1 Re4+ 33.Kd1 Rxf2 34.Raa7 Ref4
35.g3 Rf6 36.h4 Rg2 37.Ke1 Rxg3 38.Rb5 Kh6 39.a5 Rg4 40.Rbb7 Kg7 41.h5 g5
42.Ke2 Rh4 43.Rb5 Kh6 44.Rbb7 Rhf4 45.Ra8 Kxh5 46.a6 Kg4 47.a7 Re6+ 48.Kd3 Ra6
49.Rh8 Rfa4 50.Rxh7 Rxa7 51.Rbxf7 Rxf7 52.Rxf7 Kg3 53.Rf5 g4 54.Ke2 Kg2
55.Rf2+ Kh3 56.Rf8 g3 57.Kf1 Ra1+ 58.Ke2 Kg2 59.Rh8 Ra7 60.Re8 Kg1 61.Kf3 g2
62.Rb8 Ra3+ 63.Kg4 Re3 {#R} 0-1

[Event "Budapest Spring Open 2017"]
[Site "masterchessopen.com Budapest HUN"]
[Date "2017.03.19"]
[Round "2.17"]
[White "Atabayev,M"]
[Black "Popovics,A"]
[Result "1-0"]
[WhiteElo "2512"]
[BlackElo "2385"]

1.e4 c5 2.Nf3 d6 3.d4 cxd4 4.Nxd4 Nf6 5.Nc3 a6 6.Be2 e6 7.O-O Qc7 8.f4 Be7
9.Bf3 O-O 10.Kh1 Nc6 11.Nxc6 bxc6 12.Na4 a5 13.c4 Ba6 14.b3 d5 15.e5 Nd7
16.Qc2 Nb6 17.cxd5 Nxd5 18.Rd1 Nb4 19.Qf2 Nd3 20.Qg1 Rab8 21.Be3 Rfd8 22.Nc5
Nxc5 23.Bxc5 Bb5 24.Rxd8+ Qxd8 25.Rd1 Qe8 26.Bd6 Bxd6 27.exd6 a4 28.d7 Qd8
29.Qa7 {#r} 1-0

[Event "Budapest Spring Open 2017"]
[Site "masterchessopen.com Budapest HUN"]
[Date "2017.03.19"]
[Round "2.18"]
[White "Bakalchuk,Johnatan"]
[Black "Mikhalevski,V"]
[Result "0-1"]
[WhiteElo "2382"]
[BlackElo "2511"]

1.e4 e5 2.Nf3 Nc6 3.d4 exd4 4.Nxd4 Bc5 5.Nb3 Bb6 6.Nc3 Qf6 7.Qe2 Nge7 8.Be3
O-O 9.O-O-O d6 10.h3 Be6 11.f4 Qh4 12.Kb1 f5 13.Bxb6 axb6 14.Nb5 fxe4 15.Nxc7
Bxb3 16.cxb3 Rac8 17.Ne6 Rf6 18.Qxe4 d5 19.Qe1 Qh6 20.Ng5 Rxf4 21.h4 Qf6 22.g3
Rf2 23.Rd2 Rxd2 24.Qxd2 h6 25.Bh3 Rf8 26.Ne6 Qg6+ 27.Ka1 Rf3 28.Bg2 Rd3 29.Qe2
Qxg3 30.Rf1 Re3 31.Qd2 Rxe6 32.Bxd5 Nxd5 33.Qxd5 Qe5 {#R} 0-1

[Event "Budapest Spring Open 2017"]
[Site "masterchessopen.com Budapest HUN"]
[Date "2017.03.19"]
[Round "2.20"]
[White "Kovalev,An"]
[Black "Kumsiashvili,N"]
[Result "0-1"]
[WhiteElo "2504"]
[BlackElo "2383"]

1.e4 c5 2.Nf3 d6 3.c3 Nf6 4.Be2 Nc6 5.d4 cxd4 6.cxd4 e5 7.d5 Ne7 8.Nc3 g6
9.Qa4+ Bd7 10.Nb5 Nexd5 11.Qb3 Nc7 12.Bg5 Nxb5 13.Bxf6 Qxf6 14.Bxb5 Qe7 15.Ng5
Rd8 16.h4 Bh6 17.Bxd7+ Qxd7 18.Rd1 O-O 19.Kf1 Qg4 20.Qf3 Qxf3 21.Nxf3 f5
22.exf5 Rxf5 23.Ke2 d5 24.h5 Bg7 25.hxg6 hxg6 26.Nh4 Rf6 27.Rc1 e4 28.g3 d4
29.Ng2 Ra6 30.Rc7 Rxa2 31.Rxb7 Rxb2+ 32.Rxb2 d3+ 33.Kd2 Bxb2 34.Nf4 a5 35.f3
a4 36.fxe4 a3 37.Ne6 Rb8 38.Nc5 a2 {#R} 0-1